[Event "Cto por Equipos de Aragon  Preferente I "]
[Site "?"]
[Date "2026.02.07"]
[Round "3.40"]
[White "Agustin Blanc, Adrian"]
[Black "Escudero Martin, Jose Antonio"]
[Result "0-1"]
[WhiteElo "1800"]
[BlackElo "1835"]
[PlyCount "123"]
[GameId "2276814097184587"]
[EventDate "2026.01.24"]
[WhiteTeam "Fraga"]
[BlackTeam "Utebo San Lamberto"]

1. d4 e6 2. Nf3 f5 3. g3 Nf6 4. Bg2 d5 5. c4 c6 6. O-O Bd6 7. Nc3 O-O 8. b3 b6 9. Qc2 Nbd7 10. Bb2 Bb7 11. Rfd1 Ne4 12. Nxe4 fxe4 13. Ne5 Rc8 14. Qd2 c5 15. cxd5 exd5 16. Nxd7 Qxd7 17. dxc5 Bxc5 18. e3 Qf5 19. b4 Bxb4 20. Qd4 Rf7 21. Rf1 Bc5 22. Qd2 Ba6 23. Rfe1 Bd3 24. Rac1 Rcf8 25. Bd4 Bxd4 26. exd4 Qxf2+ 27. Qxf2 Rxf2 28. Bh3 Bc4 29. Be6+ Kh8 30. Rxc4 dxc4 31. Bxc4 Rc2 32. Bb3 Rd2 33. Rxe4 Rc8 34. Re1 Rxd4 35. Kg2 Rcd8 36. Re2 R4d7 37. Re4 g6 38. Re6 Kg7 39. Re4 Rd2+ 40. Kg1 Rc8 41. Re7+ Kh6 42. Re1 Rc5 43. g4 Kg5 44. Be6 Rcc2 45. Bb3 Rg2+ 46. Kh1 Rxh2+ 47. Kg1 Rcg2+ 48. Kf1 Kxg4 49. Be6+ Kf4 50. Bd5 Rd2 51. Ba8 Rdf2+ 52. Kg1 Rxa2 53. Re4+ Kg5 54. Re1 Rae2 55. Rd1 b5 56. Rd5+ Kf4 57. Rd4+ Ke3 58. Rd1 b4 59. Rb1 a5 60. Rb3+ Kd4 61. Rb1 Kc3 62. Bf3 0-1

[Event "Cto por Equipos de Aragon  Preferente I"]
[Site "?"]
[Date "2026.02.07"]
[Round "3.41"]
[White "Ferreruela Romero, Jose Joaquin"]
[Black "Rebolledo Cuesta, Francisco Javier"]
[Result "1-0"]
[WhiteElo "2010"]
[BlackElo "1975"]
[PlyCount "55"]
[GameId "2276814097192780"]
[EventDate "2026.01.24"]
[WhiteTeam "San Jose"]
[BlackTeam "Jaque - Aramovil B"]

1. d4 Nf6 2. Bf4 c5 3. dxc5 Na6 4. Qd4 Qa5+ 5. Nc3 Qxc5 6. Qxc5 Nxc5 7. f3 d6 8. e4 Bd7 9. Bg5 a6 10. Nge2 Rc8 11. Bh4 h6 12. O-O-O g5 13. Bf2 Bg7 14. Nd4 O-O 15. g4 e6 16. h4 d5 17. hxg5 hxg5 18. exd5 Nxd5 19. Nxd5 exd5 20. Rh5 f6 21. Bg2 Be8 22. Rhh1 Bg6 23. Nf5 Bxf5 24. gxf5 Rfd8 25. Rd4 Rc6 26. Rhd1 Rdc8 27. c3 b5 28. Kb1 1-0

[Event "Cto por Equipos de Aragon  Preferente I "]
[Site "?"]
[Date "2026.02.07"]
[Round "3.42"]
[White "Zazuliak, Kostiantyn"]
[Black "Gutierrez Mingueza, Ruben"]
[Result "1-0"]
[WhiteElo "1918"]
[BlackElo "2005"]
[PlyCount "66"]
[GameId "2276814097200973"]
[EventDate "2026.01.24"]
[WhiteTeam "Jaque - Aramovil B"]
[BlackTeam "San Jose"]

1. d4 Nf6 2. Bg5 d5 3. Bxf6 exf6 4. e3 Bd6 5. c4 dxc4 6. Bxc4 O-O 7. Nf3 f5 8. O-O Nd7 9. Nc3 Nf6 10. Rc1 c6 11. Qb3 Ne4 12. a4 Qe7 13. Rfd1 g5 14. g3 Kg7 15. d5 c5 16. Nb5 Bd7 17. Nxd6 Nxd6 18. a5 f6 19. Nd2 Rab8 20. Bd3 Rfc8 21. Nc4 b5 22. axb6 axb6 23. Nxd6 Qxd6 24. Bb5 Bxb5 25. Qxb5 Rd8 26. Ra1 Ra8 27. Qc6 Rxa1 28. Rxa1 Qxc6 29. dxc6 Rc8 30. Ra7+ Kg6 31. c7 Kf7 32. Rb7 b5 33. Rxb5 Rxc7 1-0

[Event "Cto por Equipos de Aragon  Preferente I "]
[Site "?"]
[Date "2026.02.07"]
[Round "3.43"]
[White "Baldellou Vicente, Roberto"]
[Black "Oliva Tarancon, Guillermo"]
[Result "0-1"]
[WhiteElo "1893"]
[BlackElo "1735"]
[PlyCount "94"]
[GameId "2276814097205070"]
[EventDate "2026.01.24"]
[WhiteTeam "San Jose"]
[BlackTeam "Jaque - Aramovil B"]

1. e4 c5 2. Nf3 g6 3. Nc3 Bg7 4. d4 cxd4 5. Nxd4 Nc6 6. Be3 Nf6 7. f3 O-O 8. Qd2 Qa5 9. O-O-O d6 10. g4 Bxg4 11. Nb3 Qb4 12. a3 Qxc3 13. Qxc3 Nxe4 14. Qe1 Bxf3 15. Bd3 Bxd1 16. Qxd1 Nf6 17. h4 h5 18. Rg1 Ne5 19. Be2 b6 20. Nd4 e6 21. Kb1 d5 22. Qf1 Neg4 23. Bxg4 Nxg4 24. Qf3 Rac8 25. c3 Rc4 26. Rd1 a6 27. Bg1 Bf6 28. Qg3 Be5 29. Qf3 b5 30. Rf1 Bg7 31. Nc2 Ne5 32. Qe2 Rxh4 33. Bd4 Re4 34. Qg2 Ng4 35. Bxg7 Kxg7 36. Re1 Rxe1+ 37. Nxe1 Rc8 38. Nd3 Rc4 39. Qg3 Re4 40. Nc5 Re3 41. Qf4 e5 42. Qf1 h4 43. Nxa6 h3 44. Nc7 h2 45. Nxd5 Rg3 46. Qxb5 h1=Q+ 47. Ka2 Rg1 0-1

[Event "Cto por Equipos de Aragon  Preferente I "]
[Site "?"]
[Date "2026.02.07"]
[Round "3.44"]
[White "Vizcarra Susin, Sergio"]
[Black "Obon Zuniga, Francisco"]
[Result "1-0"]
[WhiteElo "1724"]
[BlackElo "1832"]
[PlyCount "83"]
[GameId "2276814097213263"]
[EventDate "2026.01.24"]
[WhiteTeam "Jaque - Aramovil B"]
[BlackTeam "San Jose"]

1. d4 e6 2. Nf3 f5 3. Bf4 Nf6 4. e3 d6 5. h3 g6 6. Bc4 Bg7 7. c3 Nc6 8. O-O Qe7 9. Nbd2 e5 10. dxe5 dxe5 11. Bh2 Bd7 12. Bb5 Nh5 13. Nc4 O-O-O 14. Qc2 e4 15. Nd4 Nxd4 16. Bxd7+ Rxd7 17. cxd4 Kb8 18. Qb3 Qf7 19. g4 fxg4 20. Ne5 Bxe5 21. Bxe5 Qf3 22. Bxh8 Rf7 23. Qe6 Rf8 24. Qxg4 Rxh8 25. Qxf3 exf3 26. Rac1 Nf6 27. Rc5 Rg8 28. Re5 Kc8 29. Kh2 Kd7 30. Rc1 c6 31. b4 a6 32. a4 Nd5 33. b5 axb5 34. axb5 Ra8 35. bxc6+ bxc6 36. Kg3 Nb4 37. Rb1 Nd3 38. Rb7+ Kc8 39. Ree7 Ra2 40. Rec7+ Kd8 41. Rxh7 Kc8 42. Rbg7 1-0

[Event "Cto por Equipos de Aragon  Preferente I "]
[Site "?"]
[Date "2026.02.07"]
[Round "3.45"]
[White "Munoz Munoz, Juan Carlos"]
[Black "Escuer Sanchez, Nestor"]
[Result "1/2-1/2"]
[WhiteElo "1936"]
[BlackElo "2059"]
[PlyCount "42"]
[GameId "2276814097221456"]
[EventDate "2026.01.24"]
[WhiteTeam "Helios B"]
[BlackTeam "Enroque de Barbastro"]

1. d4 c5 2. Nf3 Nf6 3. c4 e6 4. Nc3 Be7 5. g3 d5 6. cxd5 exd5 7. Bg2 Nc6 8. O-O O-O 9. Bf4 h6 10. dxc5 Bxc5 11. Ne5 g5 12. Nxc6 bxc6 13. Be5 Qe7 14. Bd4 Rb8 15. Rc1 Bxd4 16. Qxd4 Rb4 17. Qd2 Ba6 18. Rfe1 d4 19. Ne4 Nxe4 20. Bxe4 c5 21. Bf3 Rd8 1/2-1/2

[Event "Cto por Equipos de Aragon  Preferente I "]
[Site "?"]
[Date "2026.02.07"]
[Round "3.46"]
[White "Rubiella Moreno, Oscar"]
[Black "Carraminana Lopez, Luis Antonio"]
[Result "1/2-1/2"]
[WhiteElo "1988"]
[BlackElo "1913"]
[PlyCount "70"]
[GameId "2276814097229649"]
[EventDate "2026.01.24"]
[WhiteTeam "Enroque de Barbastro"]
[BlackTeam "Helios B"]

1. e4 e5 2. Nf3 Nc6 3. Bc4 Bc5 4. c3 Nf6 5. d4 exd4 6. e5 d5 7. Bb5 Ne4 8. cxd4 Bb6 9. Nc3 O-O 10. Be3 Bg4 11. h3 Bf5 12. O-O Kh8 13. Rc1 Ne7 14. Bd3 Nxc3 15. Rxc3 Bxd3 16. Qxd3 Qd7 17. Nh4 Rae8 18. f4 f5 19. Nf3 Nc6 20. a3 Nd8 21. Nd2 Ne6 22. Nf3 Qa4 23. Qc2 Qd7 24. Kh2 Rf7 25. Qf2 Rg8 26. h4 g6 27. g3 h6 28. Kg2 Kh7 29. Rh1 Rfg7 30. Rc2 Re7 31. Qe2 h5 32. Rhc1 Qa4 33. Qd3 Kg7 34. Ra1 Ra8 35. b3 Qd7 1/2-1/2

[Event "Cto por Equipos de Aragon  Preferente I "]
[Site "?"]
[Date "2026.02.07"]
[Round "3.47"]
[White "Anson Casaos, Alejandro"]
[Black "Vinuales Satue, Jose Antonio"]
[Result "0-1"]
[WhiteElo "1874"]
[BlackElo "1805"]
[PlyCount "80"]
[GameId "2276814097237842"]
[EventDate "2026.01.24"]
[WhiteTeam "Helios B"]
[BlackTeam "Enroque de Barbastro"]

1. e4 c5 2. Nf3 d6 3. c3 Nf6 4. Be2 Nc6 5. d4 cxd4 6. cxd4 Bg4 7. Nc3 a6 8. O-O g6 9. h3 Bxf3 10. Bxf3 Bg7 11. Be3 O-O 12. Qd2 Re8 13. Rad1 Qc7 14. Rc1 Qd7 15. Rfd1 Rac8 16. Be2 Red8 17. Rb1 b5 18. f3 Qc7 19. a4 b4 20. Nd5 Qb7 21. Nxf6+ Bxf6 22. Qd3 Nb8 23. Qb3 Nc6 24. Bc4 e6 25. Bf1 Na5 26. Qd3 Nc4 27. Bf2 b3 28. f4 d5 29. e5 Be7 30. g4 Qb4 31. Be1 Qxa4 32. Bc3 Bb4 33. Ra1 Qb5 34. f5 Bxc3 35. Qxc3 exf5 36. gxf5 gxf5 37. Qf3 Qc6 38. Qxb3 Rb8 39. Qc3 Rxb2 40. Bxc4 Qg6+ 0-1

[Event "Cto por Equipos de Aragon  Preferente I "]
[Site "?"]
[Date "2026.02.07"]
[Round "3.48"]
[White "Vinuales Ferro, Antonio"]
[Black "Gonzalez Azuara, Javier"]
[Result "1-0"]
[WhiteElo "1791"]
[BlackElo "1783"]
[PlyCount "87"]
[GameId "2276814097241939"]
[EventDate "2026.01.24"]
[WhiteTeam "Enroque de Barbastro"]
[BlackTeam "Helios B"]

1. b4 d5 2. Bb2 Nf6 3. e3 Bf5 4. Nf3 h6 5. c4 e6 6. a3 Be7 7. cxd5 exd5 8. Be2 O-O 9. O-O Nbd7 10. d3 Re8 11. Nc3 a6 12. Qb3 c6 13. Rfc1 Bd6 14. Na4 Ng4 15. Nc5 Rb8 16. h3 Nge5 17. Nd4 Bh7 18. Qc3 Nf6 19. Qd2 Bc7 20. f4 Ng6 21. Nxa6 bxa6 22. Nxc6 Qd6 23. Nxb8 Bxb8 24. g3 Ba7 25. Bd4 Bxd4 26. exd4 Qe6 27. Bf1 Nf8 28. Re1 Qb6 29. Qc3 Ne6 30. Rac1 Nxd4 31. Rxe8+ Nxe8 32. Qc5 Qf6 33. Qxd5 Nf5 34. Rc8 Qe7 35. Qe5 Qxe5 36. fxe5 Kf8 37. Kf2 Ke7 38. g4 Nd4 39. Ke3 Ne6 40. Ra8 N6c7 41. Ra7 Ke6 42. d4 Nd5+ 43. Kf3 Nec7 44. Bc4 1-0

[Event "Cto por Equipos de Aragon  Preferente I "]
[Site "?"]
[Date "2026.02.07"]
[Round "3.49"]
[White "Chueca Lorente, Javier"]
[Black "Hernando Garcia, Antonio"]
[Result "1-0"]
[WhiteElo "2163"]
[BlackElo "2056"]
[PlyCount "59"]
[GameId "2276814097250132"]
[EventDate "2026.01.24"]
[WhiteTeam "MyInvestor Casablanca C"]
[BlackTeam "El Olivar B"]

1. c4 Nf6 2. g3 c6 3. Bg2 d5 4. Nf3 Bf5 5. O-O e6 6. b3 h6 7. Bb2 Be7 8. d3 O-O 9. Nbd2 Na6 10. a3 Nc5 11. b4 Ncd7 12. Qb3 Qb6 13. Rfe1 Rfc8 14. e4 dxe4 15. dxe4 Bh7 16. e5 Ne8 17. c5 Qd8 18. Nc4 Nc7 19. Nd6 Rcb8 20. Nd4 Nd5 21. Bh3 Nf8 22. Rad1 Qc7 23. Nxf7 Kxf7 24. Qf3+ Kg8 25. Bxe6+ Nxe6 26. Nxe6 Qc8 27. Qg4 Bf8 28. f4 Ne7 29. Rd8 Bf5 30. Qxg7# 1-0

[Event "Cto por Equipos de Aragon  Preferente I "]
[Site "?"]
[Date "2026.02.07"]
[Round "3.50"]
[White "Gracia Campo, Carlos Alberto"]
[Black "Lorente Melcon, Hector"]
[Result "0-1"]
[WhiteElo "2024"]
[BlackElo "2070"]
[PlyCount "54"]
[GameId "2276814097258325"]
[EventDate "2026.01.24"]
[WhiteTeam "El Olivar B"]
[BlackTeam "MyInvestor Casablanca C"]

1. e4 c5 2. Nf3 e6 3. d4 cxd4 4. Nxd4 Nf6 5. Bd3 Nc6 6. Nb3 Be7 7. O-O d5 8. exd5 Nxd5 9. Be4 O-O 10. Bxd5 exd5 11. Be3 Bf6 12. c3 Ne5 13. Na3 Bf5 14. Nd4 Be4 15. f3 Bg6 16. f4 Nd3 17. f5 Nxb2 18. Qd2 Qe7 19. Qxb2 Qxe3+ 20. Qf2 Bxd4 21. cxd4 Qxa3 22. fxg6 fxg6 23. Qe2 Rfe8 24. Rf3 Rxe2 25. Rxa3 a6 26. Rb1 Rf8 27. Rc3 b5 {Pierde por tiempo} 0-1

[Event "Cto por Equipos de Aragon  Preferente I "]
[Site "?"]
[Date "2026.02.07"]
[Round "3.51"]
[White "Miranda Herrera, Belen"]
[Black "Jaso Escudero, Julen"]
[Result "0-1"]
[WhiteElo "2039"]
[BlackElo "1918"]
[PlyCount "98"]
[GameId "2276814097262422"]
[EventDate "2026.01.24"]
[WhiteTeam "MyInvestor Casablanca C"]
[BlackTeam "El Olivar B"]

1. e4 e6 2. d4 d5 3. Nd2 h6 4. Ngf3 Nf6 5. e5 Nfd7 6. Bd3 c5 7. c4 cxd4 8. cxd5 Nc5 9. Bb5+ Bd7 10. Bxd7+ Qxd7 11. d6 Qb5 12. Qe2 Qxe2+ 13. Kxe2 Nc6 14. Re1 f6 15. b4 d3+ 16. Kf1 Nxb4 17. Ba3 Nba6 18. Ne4 Nd7 19. exf6 gxf6 20. Rad1 f5 21. Ng3 Kf7 22. Rxd3 Nac5 23. Bxc5 Nxc5 24. Rc3 Bxd6 25. Rd1 Ke7 26. Nh4 Bxg3 27. Rxg3 Rhg8 28. Re3 Kf6 29. Nf3 Rad8 30. Rxd8 Rxd8 31. Ke2 Ne4 32. Rb3 b6 33. Ke3 Rc8 34. Rb2 Rc5 35. Nd4 Nd6 36. Kd3 e5 37. Nb3 Rd5+ 38. Ke2 a5 39. Rc2 a4 40. Nd2 Rc5 41. Rb2 b5 42. f3 Ke6 43. Kd3 Kd5 44. g4 fxg4 45. fxg4 e4+ 46. Ke2 Rc3 47. Nf1 a3 48. Rd2+ Ke5 49. Ne3 Rxe3+ 0-1

[Event "Cto por Equipos de Aragon  Preferente I "]
[Site "?"]
[Date "2026.02.07"]
[Round "3.52"]
[White "Sisas Mainar, Izan"]
[Black "Cebollada Pacheco, Jesus Raul"]
[Result "1-0"]
[WhiteElo "1866"]
[BlackElo "1990"]
[PlyCount "123"]
[GameId "2276814097270615"]
[EventDate "2026.01.24"]
[WhiteTeam "El Olivar B"]
[BlackTeam "MyInvestor Casablanca C"]

1. d4 Nf6 2. c4 g6 3. Nc3 Bg7 4. e4 d6 5. h3 O-O 6. Be3 e5 7. d5 Na6 8. Nge2 Nc5 9. f3 a5 10. g4 c6 11. Ng3 cxd5 12. cxd5 Ne8 13. Bd3 Qb6 14. Rb1 Bd7 15. O-O Qd8 16. Kg2 Nc7 17. Rh1 N7a6 18. a3 Nxd3 19. Qxd3 Nc5 20. Qc2 a4 21. h4 Nb3 22. Nce2 Rc8 23. Qd3 Qc7 24. Bd2 Nxd2 25. Qxd2 Qb6 26. h5 f5 27. hxg6 fxg4 28. gxh7+ Kh8 29. f4 exf4 30. Nxf4 Rxf4 31. Qxf4 Rc2+ 32. Kf1 Bb5+ 33. Ke1 Qa5+ 34. Kd1 Bd3 35. Rc1 Qc7 36. Rh2 Rxc1+ 37. Qxc1 Qxc1+ 38. Kxc1 Be5 39. Rg2 Bf4+ 40. Kd1 Kxh7 41. Nh5 Be5 42. Rxg4 Bxb2 43. Kd2 Bb1 44. e5 Bxe5 45. Rxa4 Ba2 46. Nf4 Bxf4+ 47. Rxf4 Bxd5 48. Rd4 Bc6 49. Rxd6 Kg7 50. Kc3 Kf7 51. Kb4 Ke7 52. Kc5 Bg2 53. Rh6 Kd7 54. Kb6 Bf3 55. Rh8 Bc6 56. Rb8 Kd6 57. Ra8 Kd5 58. a4 Kd6 59. a5 Kd7 60. Rb8 Bf3 61. Rxb7+ Kc8 62. a6 1-0

[Event "Ctopor Equipos de Aragon  Preferente II "]
[Site "?"]
[Date "2026.02.07"]
[Round "3.53"]
[White "Gomez Salinas, Nestor"]
[Black "Fuertes Garay, Javier"]
[Result "1/2-1/2"]
[WhiteElo "1940"]
[BlackElo "1993"]
[PlyCount "149"]
[GameId "2276814097278808"]
[EventDate "2026.01.24"]
[WhiteTeam "Palacio De Pioneros B"]
[BlackTeam "ONCE C A Aragon Delicias B"]

1. e4 e5 2. Nf3 Nc6 3. d4 exd4 4. Bc4 Bc5 5. O-O d6 6. c3 dxc3 7. Qb3 Qd7 8. Re1 Ne5 9. Nxe5 dxe5 10. Rd1 Qe7 11. Bxf7+ Qxf7 12. Qb5+ c6 13. Qxc5 Ne7 14. Nxc3 O-O 15. Bg5 Ng6 16. f3 h6 17. Be3 Be6 18. Rd6 a6 19. Rad1 Rae8 20. R1d2 Qe7 21. Qb6 Qh4 22. Bf2 Qe7 23. Bc5 Qh4 24. Rd1 Qg5 25. R6d2 Nh4 26. Kh1 Rf7 27. Be3 Qh5 28. Rd8 Rxd8 29. Qxd8+ Kh7 30. Rf1 Bg4 31. Bf2 Nxf3 32. Bg3 Nxh2 33. Rxf7 Nf3+ 34. Bh4 Nxh4 35. Kg1 Qxf7 36. Qxh4 Qf4 37. Qe1 h5 38. a3 g5 39. Qf2 Qxf2+ 40. Kxf2 Kg6 41. Na4 Bc8 42. Nb6 Be6 43. Na4 b5 44. Nc5 Bc8 45. b4 h4 46. Nd3 Kf6 47. Kf3 g4+ 48. Kf2 Be6 49. g3 h3 50. Nc5 Bc8 51. Kg1 Ke7 52. Kf2 Kd6 53. Kg1 a5 54. Kf2 axb4 55. axb4 Be6 56. Nb7+ Kc7 57. Nc5 Ba2 58. Kg1 Bb1 59. Kf2 Bc2 60. Kg1 Kd6 61. Nb7+ Kc7 62. Nc5 Bd1 63. Kh2 Bf3 64. Kg1 Kd6 65. Nb7+ Ke7 66. Nc5 Ke8 67. Kh2 Kf7 68. Kg1 Ke7 69. Kh2 Bd1 70. Kg1 Bc2 71. Kf2 Bb1 72. Kg1 Ba2 73. Kf2 Bd5 74. Kg1 Ba2 75. Kf2 1/2-1/2

[Event "Ctopor Equipos de Aragon  Preferente II "]
[Site "?"]
[Date "2026.02.07"]
[Round "3.54"]
[White "Garcia Lopez, Alberto Jose"]
[Black "Caballero Ortin, Jorge"]
[Result "0-1"]
[WhiteElo "1901"]
[BlackElo "1908"]
[PlyCount "32"]
[GameId "2276814097287001"]
[EventDate "2026.01.24"]
[WhiteTeam "ONCE C A Aragon Delicias B"]
[BlackTeam "Palacio De Pioneros B"]

1. g3 e5 2. Bg2 d5 3. d3 Nc6 4. Nf3 Nf6 5. O-O Be6 6. Nbd2 Qd7 7. Ng5 Bg4 8. h3 Bh5 9. g4 Bg6 10. c4 h5 11. cxd5 Nxd5 12. Qb3 O-O-O 13. Bxd5 Qxd5 14. Qxd5 Rxd5 15. f3 Nd4 16. e4 Rd8 0-1

[Event "Ctopor Equipos de Aragon  Preferente II "]
[Site "?"]
[Date "2026.02.07"]
[Round "3.55"]
[White "Crespo Laborda, Alberto"]
[Black "Martinez Blanco, Ruben"]
[Result "1-0"]
[WhiteElo "1898"]
[BlackElo "1856"]
[PlyCount "65"]
[GameId "2276814097291098"]
[EventDate "2026.01.24"]
[WhiteTeam "Palacio De Pioneros B"]
[BlackTeam "ONCE C A Aragon Delicias B"]

1. d4 Nf6 2. c4 g6 3. Nc3 Bg7 4. Nf3 d6 5. e4 O-O 6. h3 e5 7. d5 Nh5 8. g3 Qe7 9. Be2 Na6 10. Bg5 f6 11. Be3 f5 12. exf5 gxf5 13. Bg5 Nf6 14. Qd2 Nc5 15. b4 Ncd7 16. h4 Qf7 17. h5 Ne4 18. Qc2 Nxc3 19. Qxc3 e4 20. Nd4 c5 21. dxc6 bxc6 22. h6 Bf6 23. Qd2 Ne5 24. Rd1 Qg6 25. Bf4 Nd3+ 26. Bxd3 Bxd4 27. Be2 c5 28. Be3 Bxe3 29. Qxe3 Bb7 30. Bh5 f4 31. gxf4 Qf6 32. Rxd6 Qxf4 33. Rg1+ 1-0

[Event "Ctopor Equipos de Aragon  Preferente II "]
[Site "?"]
[Date "2026.02.07"]
[Round "3.56"]
[White "Garicano Jaen, Pablo"]
[Black "Gonzalez Romea, Edgar"]
[Result "0-1"]
[WhiteElo "1782"]
[BlackElo "1793"]
[PlyCount "114"]
[GameId "2276814097299291"]
[EventDate "2026.01.24"]
[WhiteTeam "ONCE C A Aragon Delicias B"]
[BlackTeam "Palacio De Pioneros B"]

1. e4 e6 2. Qe2 c5 3. Nf3 Nc6 4. g3 g6 5. Bg2 Bg7 6. c3 d6 7. d3 Nge7 8. a4 O-O 9. O-O a6 10. Nfd2 Rb8 11. f4 b5 12. axb5 axb5 13. Nf3 d5 14. e5 c4 15. d4 b4 16. h4 bxc3 17. bxc3 Rb3 18. h5 Nf5 19. Qf2 gxh5 20. Nh4 Ncxd4 21. cxd4 Nxg3 22. Nf3 Nxf1 23. Kxf1 Qb6 24. Nbd2 Rb5 25. Ng5 f6 26. exf6 Bxf6 27. Ndf3 h6 28. Nh3 Rb1 29. Rxb1 Qxb1 30. Qg3+ Kh7 31. Qe1 Qd3+ 32. Qe2 Qxe2+ 33. Kxe2 Ba6 34. Nf2 Rb8 35. Bh3 c3+ 36. Kd1 Bc4 37. Bxe6 Bb3+ 38. Ke2 Ra8 39. Nd3 Ra2+ 40. Ke1 Bc4 41. Bf5+ Kg7 42. Nfe5 Bh4+ 43. Kf1 Ra1 44. Ke2 Rxc1 45. Nxc4 Rc2+ 46. Kd1 Ra2 47. Ne3 Rd2+ 48. Kc1 Bf6 49. Nxd5 Bxd4 50. Be4 Re2 51. Bf3 Rh2 52. Bd1 Rh1 53. Kc2 Rh2+ 54. Kb3 Rd2 55. Bc2 h4 56. Nxc3 h3 57. Ne4 h2 0-1

[Event "Ctopor Equipos de Aragon  Preferente II "]
[Site "?"]
[Date "2026.02.07"]
[Round "3.57"]
[White "Ciriano Lamban, Alejandro"]
[Black "Muro Guerrero, Miguel"]
[Result "0-1"]
[WhiteElo "2018"]
[BlackElo "2109"]
[PlyCount "102"]
[GameId "2276814097307484"]
[EventDate "2026.01.24"]
[WhiteTeam "Marcos Frechin B"]
[BlackTeam "Dr. Azua"]

1. d4 d5 2. Nf3 Nf6 3. c4 e6 4. g3 Be7 5. Bg2 O-O 6. O-O dxc4 7. Qc2 a6 8. Rd1 b5 9. Ne5 c6 10. b3 cxb3 11. axb3 Bb7 12. Nc3 Qc8 13. Bg5 h6 14. Bxf6 Bxf6 15. Ne4 Be7 16. Nc5 Bxc5 17. dxc5 a5 18. Rd6 Qc7 19. Qc3 a4 20. b4 Rd8 21. Rad1 Rf8 22. Be4 a3 23. Bc2 a2 24. Qd3 f5 25. Qc3 Bc8 26. Bb3 Qe7 27. Qa1 Qf6 28. f4 Kh7 29. Bxa2 Re8 30. Qb1 Na6 31. R1d4 Ra7 32. Nxc6 Rc7 33. Ne5 Bb7 34. Qd3 Nb8 35. Qxb5 Nc6 36. Nxc6 Bxc6 37. Qb6 Rcc8 38. b5 Be4 39. c6 Ra8 40. Bc4 Ra1+ 41. Kf2 Qg6 42. Rxe4 fxe4 43. Qd4 Rb1 44. b6 e5 45. Bf7 Qxf7 46. Qxe4+ Kh8 47. Qxb1 exf4 48. Qd3 fxg3+ 49. Kxg3 Rf8 50. Rd8 Qf4+ 51. Kg2 Qg5+ 0-1

[Event "Ctopor Equipos de Aragon  Preferente II "]
[Site "?"]
[Date "2026.02.07"]
[Round "3.58"]
[White "Garcia Garcia, Enrique"]
[Black "Perez Tomas, Juan Manuel"]
[Result "0-1"]
[WhiteElo "1886"]
[BlackElo "2001"]
[PlyCount "72"]
[GameId "2276814097311581"]
[EventDate "2026.01.24"]
[WhiteTeam "Dr. Azua"]
[BlackTeam "Marcos Frechin B"]

1. d4 d5 2. Nf3 e6 3. c4 Nf6 4. Nc3 Be7 5. Bg5 O-O 6. e3 h6 7. Bh4 b6 8. cxd5 Nxd5 9. Bxe7 Qxe7 10. Bd3 Bb7 11. O-O Nd7 12. Nxd5 Bxd5 13. Rc1 c5 14. e4 Bb7 15. Re1 Rac8 16. d5 exd5 17. exd5 Qd6 18. Nh4 Rce8 19. Nf5 Qxd5 20. Qg4 g6 21. Nxh6+ Kh7 22. Rxe8 Rxe8 23. Bc4 Qd2 24. Rf1 Ne5 25. Qg3 Nxc4 26. Nxf7 Re1 27. Qh4+ Kg7 28. Qxc4 Bd5 29. Qc3+ Qxc3 30. bxc3 Rxf1+ 31. Kxf1 Kxf7 32. a3 Ke6 33. f3 b5 34. Ke2 a5 35. Ke3 a4 36. f4 Bxg2 0-1

[Event "Ctopor Equipos de Aragon  Preferente II "]
[Site "?"]
[Date "2026.02.07"]
[Round "3.59"]
[White "Jario Dominguez, Diego"]
[Black "Cajo Esteban, Ruben"]
[Result "1/2-1/2"]
[WhiteElo "1956"]
[BlackElo "1829"]
[PlyCount "95"]
[GameId "2276814097319774"]
[EventDate "2026.01.24"]
[WhiteTeam "Marcos Frechin B"]
[BlackTeam "Dr. Azua"]

1. c4 e5 2. Nc3 g6 3. g3 Bg7 4. Bg2 d6 5. d3 Nc6 6. e4 f5 7. Nge2 Nf6 8. O-O O-O 9. Nd5 Be6 10. Bg5 Qd7 11. Qd2 Nh5 12. Bh6 Rf7 13. Bxg7 Kxg7 14. f4 Raf8 15. fxe5 Nxe5 16. Ndf4 Nxf4 17. Nxf4 fxe4 18. Bxe4 Bh3 19. Rf2 Qg4 20. Bd5 Rf6 21. Nxh3 Qxh3 22. Rxf6 Rxf6 23. Qe2 Ng4 24. Qg2 Qxg2+ 25. Bxg2 b6 26. Re1 Ne5 27. Re3 g5 28. b3 c5 29. Be4 h5 30. Kg2 Kh6 31. h3 g4 32. hxg4 Nxg4 33. Re2 Kg5 34. Bf3 Ne5 35. Be4 h4 36. gxh4+ Kxh4 37. Re3 Kg5 38. Rh3 Kf4 39. Rh7 Ke3 40. Rxa7 Rf2+ 41. Kg3 Rb2 42. Ra6 Nxd3 43. Bxd3 Kxd3 44. Kf4 Kd4 45. Kf5 d5 46. cxd5 Kxd5 47. Kf4 Kd4 48. Ra4+ 1/2-1/2

[Event "Ctopor Equipos de Aragon  Preferente II "]
[Site "?"]
[Date "2026.02.07"]
[Round "3.60"]
[White "Abenia Porroche, Roberto"]
[Black "De Francisco Gracia, Diego"]
[Result "1-0"]
[WhiteElo "1812"]
[BlackElo "1894"]
[PlyCount "73"]
[GameId "2276814097327967"]
[EventDate "2026.01.24"]
[WhiteTeam "Dr. Azua"]
[BlackTeam "Marcos Frechin B"]

1. Nf3 d5 2. d4 Nf6 3. g3 e6 4. Bg2 Bd7 5. O-O Bd6 6. Nbd2 Qe7 7. c3 Na6 8. Re1 c5 9. e4 dxe4 10. Nxe4 Nxe4 11. Rxe4 Bc6 12. Re1 Nc7 13. c4 cxd4 14. Nxd4 Bxg2 15. Kxg2 O-O 16. Nf5 exf5 17. Rxe7 Bxe7 18. Qd7 Bd8 19. Qxf5 Ne6 20. Be3 Bf6 21. Rb1 Rac8 22. b3 Rfd8 23. Qf3 Rc6 24. Rd1 Ra6 25. Qxb7 Rxa2 26. Rxd8+ Nxd8 27. Qd7 h6 28. Bxa7 Ne6 29. Be3 Bg5 30. Bxg5 Nxg5 31. h4 Ne6 32. Qe8+ Nf8 33. c5 Rc2 34. c6 g5 35. hxg5 hxg5 36. b4 Kg7 37. c7 1-0

[Event "Ctopor Equipos de Aragon  Preferente II "]
[Site "?"]
[Date "2026.02.07"]
[Round "3.61"]
[White "Lopez Caudevilla, David"]
[Black "Sancho Cortes, Miguel Angel"]
[Result "1/2-1/2"]
[WhiteElo "2206"]
[BlackElo "2023"]
[PlyCount "110"]
[GameId "2276814097332064"]
[EventDate "2026.01.24"]
[WhiteTeam "Actur Rey Fernando"]
[BlackTeam "Iberajedrez Mundo 64 B"]

1. e4 c5 2. d3 Nc6 3. g3 d5 4. Nd2 dxe4 5. dxe4 e5 6. Ngf3 Nf6 7. Bg2 Bg4 8. h3 Bh5 9. O-O Be7 10. c3 Qd7 11. Nc4 Qe6 12. Qa4 O-O 13. Ng5 Qd7 14. Ne3 h6 15. Nf3 Bxf3 16. Bxf3 Nd4 17. Qd1 Nxf3+ 18. Qxf3 Qxh3 19. Nf5 Rfe8 20. Rd1 Bf8 21. Nxh6+ gxh6 22. Qxf6 c4 23. Be3 b6 24. Rd5 Qe6 25. Qxe6 Rxe6 26. a4 Rc8 27. a5 Bc5 28. Bxc5 bxc5 29. Ra4 Rb8 30. Rxc4 Rxb2 31. Rcxc5 Rf6 32. Rb5 Rbxf2 33. Rxe5 Rf1+ 34. Kg2 R6f2+ 35. Kh3 Rh1+ 36. Kg4 Rf6 37. c4 Rhf1 38. Rf5 Rg6+ 39. Kh3 Rc1 40. Rb8+ Kg7 41. Rb7 Rf6 42. Rxf6 Kxf6 43. Kg4 Rxc4 44. Kf4 Ra4 45. Rxa7 Ra3 46. Ra6+ Ke7 47. g4 f6 48. Ra8 Kf7 49. a6 Ra5 50. Ke3 Kg6 51. Kd4 Kg5 52. a7 Kf4 53. Rf8 Rxa7 54. Rxf6+ Kxg4 55. Rxh6 Ra4+ 1/2-1/2

[Event "Ctopor Equipos de Aragon  Preferente II "]
[Site "?"]
[Date "2026.02.07"]
[Round "3.62"]
[White "Moreno Burillo, Marcos Antonio"]
[Black "Garcia Alvarez, Sergio"]
[Result "1-0"]
[WhiteElo "1923"]
[BlackElo "1865"]
[PlyCount "53"]
[GameId "2276814097340257"]
[EventDate "2026.01.24"]
[WhiteTeam "Iberajedrez Mundo 64 B"]
[BlackTeam "Actur Rey Fernando"]

1. d4 d5 2. c4 e6 3. Nc3 c5 4. cxd5 exd5 5. e3 Nf6 6. Nf3 Nc6 7. Bd3 cxd4 8. exd4 Bg4 9. O-O Be7 10. Be3 O-O 11. h3 Bh5 12. a3 h6 13. g4 Bg6 14. Bxg6 fxg6 15. Ne5 Kh7 16. Qd3 Nxe5 17. dxe5 Ne4 18. Nxe4 dxe4 19. Qxe4 b6 20. Rac1 Bg5 21. f4 Bh4 22. Rfd1 Qe7 23. Rd6 Rf6 24. Rxf6 gxf6 25. Qxa8 fxe5 26. Qc8 Qd6 27. Qc7+ 1-0